[Event "FRA-chT"]
[Site "FRA"]
[Date "1996.??.??"]
[Round "?"]
[White "Roos, Louis"]
[Black "Eliet, Nicolas"]
[Result "1-0"]
[WhiteElo "2375"]
[BlackElo "2380"]
[PlyCount "57"]
[EventDate "1996.??.??"]
[Source "ChessBase"]

1. c4 b6 2. Nf3 Bb7 3. Nc3 e6 4. g3 f5 5. Bg2 Nf6 6. O-O Be7 7. d4 O-O 8. b3 a5
9. Bb2 Na6 10. Rc1 Ne4 11. a3 Bf6 12. Nxe4 Bxe4 13. Qd2 Qe7 14. Rfd1 d6 15. Ne1
Bxg2 16. Nxg2 Nb8 17. c5 dxc5 18. dxc5 Bxb2 19. Qxb2 bxc5 20. Qe5 Na6 21. Nf4
Kf7 22. Qc3 a4 23. bxa4 Rfd8 24. Qc4 Rxd1+ 25. Rxd1 Nb8 26. e4 fxe4 27. Qxe4
Ra6 28. Qxh7 Nd7 29. Qh5+ 1-0

[Event "FRA-chT"]
[Site "FRA"]
[Date "1996.??.??"]
[Round "?"]
[White "Roos, Louis"]
[Black "Guidez, Yann Michel"]
[Result "0-1"]
[WhiteElo "2375"]
[BlackElo "2235"]
[PlyCount "91"]
[EventDate "1996.??.??"]
[Source "ChessBase"]

1. c4 c6 2. Nf3 Nf6 3. b3 d5 4. e3 Bg4 5. Bb2 e6 6. h3 Bh5 7. Be2 Nbd7 8. O-O
a5 9. d3 Bg6 10. Nbd2 Be7 11. Nh4 a4 12. Nxg6 hxg6 13. cxd5 exd5 14. e4 O-O 15.
Qc2 Qa5 16. e5 Bb4 17. Nf3 a3 18. Bc1 Nh7 19. d4 Rfe8 20. Be3 Rac8 21. Rad1 Qd8
22. Qb1 Ndf8 23. Ne1 Ne6 24. Nd3 Bc3 25. Bg4 Nhf8 26. Qc1 Bxd4 27. Bxd4 Nxd4
28. Nc5 Nb5 29. Nxb7 Qc7 30. Bxc8 Rxc8 31. Nd6 Nxd6 32. exd6 Qxd6 33. Rd4 Ra8
34. Qf4 Qe7 35. Ra4 Rxa4 36. Qxa4 Qe5 37. b4 Qc3 38. Qb3 Qd2 39. Rd1 Qe2 40. b5
cxb5 41. Qxd5 Ne6 42. Rc1 Kh7 43. g3 Qb2 44. Rc8 Qb1+ 45. Kg2 b4 46. h4 0-1

[Event "FRA-chT"]
[Site "FRA"]
[Date "1996.??.??"]
[Round "?"]
[White "Roos, Louis"]
[Black "Koch, Jean Rene"]
[Result "0-1"]
[WhiteElo "2375"]
[BlackElo "2490"]
[PlyCount "60"]
[EventDate "1996.??.??"]
[Source "ChessBase"]

1. c4 c5 2. Nf3 g6 3. g3 b6 4. Bg2 Bb7 5. O-O Bg7 6. Nc3 Nf6 7. d4 cxd4 8. Nxd4
Bxg2 9. Kxg2 Qc7 10. Bf4 Qxc4 11. Ncb5 Na6 12. e4 Nxe4 13. Re1 Qd5 14. f3 Nec5
15. b4 Ne6 16. Nxe6 fxe6 17. Qa4 Bxa1 18. Qxa6 O-O 19. Nc7 Qf5 20. Nxa8 g5 21.
Rxa1 Qc2+ 22. Kg1 gxf4 23. Qb7 Qc8 24. Qxa7 Qxa8 25. Qxd7 fxg3 26. Qxe6+ Rf7
27. Rc1 gxh2+ 28. Kxh2 Qxf3 29. Rg1+ Kh8 30. Qe5+ Qf6 0-1

[Event "FRA-chT"]
[Site "FRA"]
[Date "1996.??.??"]
[Round "?"]
[White "Roos, Louis"]
[Black "Letreguilly, Olivier"]
[Result "1-0"]
[WhiteElo "2375"]
[BlackElo "2265"]
[PlyCount "67"]
[EventDate "1996.??.??"]
[Source "ChessBase"]

1. c4 e6 2. g3 d5 3. Bg2 dxc4 4. Qa4+ Bd7 5. Qxc4 Bc6 6. Nf3 Nd7 7. O-O Ngf6 8.
Nc3 Bd6 9. d4 O-O 10. Rd1 Qe7 11. a3 a5 12. Qd3 Rfe8 13. Qc2 Bxf3 14. Bxf3 c6
15. Qb3 Rab8 16. Be3 Red8 17. Rac1 Nd5 18. Bd2 Nxc3 19. Bxc3 Bc7 20. Bg2 Nf8
21. Rd3 h6 22. Rcd1 Nd7 23. Qc2 Ra8 24. e4 Nb6 25. Qe2 Na4 26. Be1 Nb6 27. Qc2
Rdc8 28. f4 Nd7 29. Bf2 Nf6 30. h3 a4 31. Rc3 Nd7 32. d5 exd5 33. exd5 c5 34.
d6 1-0

[Event "FRA-chT"]
[Site "FRA"]
[Date "1996.??.??"]
[Round "?"]
[White "Roos, Louis"]
[Black "Marciano, David"]
[Result "0-1"]
[WhiteElo "2375"]
[BlackElo "2480"]
[PlyCount "76"]
[EventDate "1996.??.??"]
[Source "ChessBase"]

1. c4 e6 2. Nf3 d5 3. e3 Nf6 4. b3 Bd6 5. Bb2 O-O 6. Qc2 c5 7. a3 Nc6 8. Bd3 b6
9. Nc3 Bb7 10. cxd5 exd5 11. Ng5 h6 12. h4 Re8 13. Bh7+ Kf8 14. Nxd5 Nd4 15.
Bxd4 Bxd5 16. Bc3 hxg5 17. hxg5 Nxh7 18. Rxh7 Qxg5 19. Rxg7 Qh5 20. Rh7 Qg6 21.
Qxg6 fxg6 22. Ke2 Be5 23. b4 Kg8 24. Rh4 Bxc3 25. dxc3 cxb4 26. cxb4 Bxg2 27.
Rg1 Be4 28. f3 Bc2 29. e4 Kg7 30. Rgh1 Rh8 31. Rxh8 Rxh8 32. Rc1 Rh2+ 33. Ke3
Kf6 34. Kd4 a5 35. bxa5 bxa5 36. Kc5 Rd2 37. Kb5 a4 38. Kb4 Rf2 0-1

[Event "FRA-chT"]
[Site "FRA"]
[Date "1996.??.??"]
[Round "?"]
[White "Rotstein, Arkadij"]
[Black "Moingt, Jean Claude"]
[Result "1/2-1/2"]
[WhiteElo "2475"]
[BlackElo "2305"]
[PlyCount "128"]
[EventDate "1996.??.??"]
[Source "ChessBase"]

1. Nf3 Nf6 2. c4 g6 3. g3 Bg7 4. Bg2 O-O 5. O-O d6 6. Nc3 Nc6 7. Rb1 e5 8. d3
Nh5 9. b4 f5 10. Nd5 f4 11. b5 Ne7 12. Nd2 Kh8 13. Bb2 Nxd5 14. cxd5 Bd7 15.
Qb3 Rf7 16. Ne4 Qe8 17. Ba1 Qe7 18. Qc2 Rc8 19. Rfc1 Bh6 20. d4 exd4 21. Bxd4+
Kg8 22. Rd1 Bf5 23. Rb4 Re8 24. Ba1 Qd7 25. Qa4 Rfe7 26. Bf3 Bg4 27. b6 axb6
28. Bxg4 Qxa4 29. Rxa4 Rxe4 30. Rxe4 Rxe4 31. Bf3 Ra4 32. g4 Ng7 33. Rd2 Bg5
34. Rc2 Ne8 35. Kg2 Kf7 36. Kf1 Bf6 37. Bxf6 Kxf6 38. h4 h6 39. Kg2 g5 40.
hxg5+ hxg5 41. Kf1 Ke5 42. Kg2 Kf6 43. Kf1 Ke5 44. Kg2 b5 45. Rb2 b4 46. Rc2
Kd4 47. e3+ fxe3 48. fxe3+ Kd3 49. Rf2 Ra5 50. Be2+ Kxe3 51. Bc4 Kd4 52. Bb3 c5
53. dxc6 bxc6 54. Rd2+ Ke3 55. Rd1 Ke2 56. Rd4 d5 57. Rxb4 c5 58. Rb6 c4 59.
Re6+ Kd3 60. Rxe8 cxb3 61. axb3 Rb5 62. Re5 Rxb3 63. Rxd5+ Ke4 64. Rxg5 Kf4
1/2-1/2

[Event "FRA-chT"]
[Site "FRA"]
[Date "1996.??.??"]
[Round "?"]
[White "Rotstein, Arkadij"]
[Black "Neron de Surgy, Gilles"]
[Result "1-0"]
[WhiteElo "2475"]
[BlackElo "2210"]
[PlyCount "137"]
[EventDate "1996.??.??"]
[Source "ChessBase"]

1. c4 c6 2. e4 d5 3. exd5 cxd5 4. cxd5 Nf6 5. Nc3 Nxd5 6. d4 Nc6 7. Nf3 Bg4 8.
Qb3 Bxf3 9. gxf3 e6 10. Qxb7 Nxd4 11. Bb5+ Nxb5 12. Qc6+ Ke7 13. Qxb5 Qd7 14.
Nxd5+ Qxd5 15. Bg5+ f6 16. Qxd5 exd5 17. Be3 Ke6 18. O-O-O Bb4 19. a3 Rhc8+ 20.
Kb1 Bc5 21. Rhe1 Bxe3 22. Rxe3+ Kd6 23. Rde1 Rc4 24. Re6+ Kc5 25. Ra6 Rf4 26.
Rc1+ Kd4 27. Rc3 g5 28. Kc2 h5 29. Ra5 Ke5 30. Re3+ Kd6 31. Ra6+ Kd7 32. Rd3
Ke7 33. Kd2 Kf7 34. b4 Kg6 35. Ke2 d4 36. Kf1 h4 37. h3 Kf5 38. Ke2 Ke5 39. Kd2
Kd5 40. Ra5+ Kd6 41. Ra6+ Kd5 42. Ra5+ Kd6 43. Rb3 Kc6 44. a4 Kb6 45. Rb5+ Kc6
46. Rc5+ Kd6 47. Ra5 Kc6 48. Ra6+ Kb7 49. Re6 Rc8 50. a5 Rc3 51. Rxc3 dxc3+ 52.
Kxc3 Rxf3+ 53. Kc4 Rxf2 54. Re7+ Ka6 55. Re6+ Kb7 56. a6+ Kc7 57. b5 Rf4+ 58.
Kc5 Rf5+ 59. Kb4 Rf4+ 60. Ka5 Rf3 61. Re7+ Kb8 62. Re8+ Kc7 63. Ra8 Ra3+ 64.
Kb4 Rxh3 65. Rxa7+ Kd6 66. Rf7 Rh1 67. a7 Ra1 68. Rxf6+ Kc7 69. Ra6 1-0

[Event "FRA-chT"]
[Site "FRA"]
[Date "1996.??.??"]
[Round "?"]
[White "Rouchouse, Stevens"]
[Black "Bujisho, Benjamin"]
[Result "1-0"]
[WhiteElo "2230"]
[BlackElo "2220"]
[PlyCount "69"]
[EventDate "1996.??.??"]
[Source "ChessBase"]

1. e4 e6 2. d4 d5 3. Nc3 Nf6 4. Bg5 Be7 5. e5 Ne4 6. Bxe7 Qxe7 7. Nxe4 dxe4 8.
c3 c5 9. Bb5+ Bd7 10. Bxd7+ Nxd7 11. Ne2 Rd8 12. Qa4 O-O 13. O-O a6 14. Ng3 Qh4
15. Rae1 f5 16. Qb3 Rde8 17. Qxb7 Re7 18. Qxa6 g5 19. Qd6 g4 20. dxc5 Rff7 21.
Rd1 Nf8 22. Qd8 Kg7 23. c6 Qh6 24. Qb8 f4 25. Nxe4 f3 26. Rd8 fxg2 27. Re1 g3
28. Nxg3 Kg6 29. Qb4 Kg7 30. Qg4+ Qg6 31. Qxg6+ Nxg6 32. b4 Nh4 33. Re4 Nf3+
34. Kxg2 Ra7 35. Rd7 1-0

[Event "FRA-chT"]
[Site "FRA"]
[Date "1996.??.??"]
[Round "?"]
[White "Ruiz, Richard"]
[Black "Belkhodja, Slim"]
[Result "0-1"]
[WhiteElo "2160"]
[BlackElo "2405"]
[PlyCount "148"]
[EventDate "1996.??.??"]
[Source "ChessBase"]

1. d4 Nf6 2. Bg5 c5 3. Bxf6 gxf6 4. e3 Qb6 5. Nf3 Nc6 6. b3 d5 7. Be2 Rg8 8.
Kf1 Bf5 9. Nc3 e6 10. Na4 Qa5 11. c3 cxd4 12. b4 Qd8 13. exd4 Bd6 14. Bd3 Ne7
15. Qd2 Rc8 16. Nh4 Bxd3+ 17. Qxd3 Ng6 18. Nxg6 hxg6 19. g3 Qd7 20. Nc5 Qc6 21.
Rc1 b6 22. Nb3 Kf8 23. Kg2 Kg7 24. h4 Rh8 25. Qe2 Qc4 26. Qf3 f5 27. h5 g5 28.
h6+ Kf6 29. h7 Ke7 30. Rce1 f4 31. Qg4 Kd7 32. Qxg5 Qd3 33. Qg7 Qf5 34. g4 f3+
35. Kg1 Qf4 36. Rh3 Rxc3 37. Rg3 Rc2 38. Rh3 Re2 39. Rf1 Ke7 40. Kh1 Qf6 41.
Qxf6+ Kxf6 42. Rxf3+ Kg6 43. a3 Rxh7+ 44. Kg2 Rh2+ 45. Kg1 Re4 46. Rd1 Rxg4+
47. Kf1 a5 48. bxa5 bxa5 49. a4 Re4 50. Rfd3 Rf4 51. R1d2 Bb4 52. Rc2 Rg4 53.
Rc8 Rh1+ 54. Ke2 Re4+ 55. Re3 Rb1 56. Nc5 Rb2+ 57. Kf3 Rxd4 58. Nd3 Ra2 59.
Ne5+ Kf5 60. Nxf7 Rf4+ 61. Kg3 Rg4+ 62. Kf3 Re4 63. Nh6+ Kg6 64. Ng4 Rxe3+ 65.
fxe3 Rxa4 66. Rc6 Kf7 67. Rc7+ Ke8 68. Nf6+ Kd8 69. Rb7 Ra1 70. Ng4 Bd6 71. Nh6
Bc7 72. Ra7 a4 73. Nf7+ Kc8 74. Ng5 Bb6 0-1

[Event "FRA-chT"]
[Site "FRA"]
[Date "1996.??.??"]
[Round "?"]
[White "Ruiz, Richard"]
[Black "Coupet, Pascal"]
[Result "0-1"]
[WhiteElo "2160"]
[BlackElo "2295"]
[PlyCount "76"]
[EventDate "1996.??.??"]
[Source "ChessBase"]

1. d4 f5 2. Nc3 Nf6 3. Bg5 g6 4. Bxf6 exf6 5. e3 d5 6. Bd3 c6 7. Nge2 Bd6 8.
Qd2 Na6 9. a3 Qe7 10. g3 Nc7 11. h4 Bd7 12. Na4 b5 13. Nac3 a5 14. Kf1 h5 15.
Kg2 g5 16. Rae1 Qg7 17. Ng1 Kf7 18. Nce2 b4 19. a4 Rae8 20. Rc1 Qh6 21. c4 bxc3
22. bxc3 Rhg8 23. Kf1 f4 24. hxg5 fxg5 25. Nf3 fxe3 26. fxe3 Bg4 27. Nh2 Bh3+
28. Kg1 Qe6 29. Nf1 h4 30. Rh2 Ke7 31. Rf2 Ref8 32. Nf4 gxf4 33. exf4 Kd7 34.
c4 Bxf1 35. Bxf1 Rxg3+ 36. Kh2 Qg4 37. cxd5 Bxf4 38. dxc6+ Kd8 0-1

[Event "FRA-chT"]
[Site "FRA"]
[Date "1996.??.??"]
[Round "?"]
[White "Salus, Stephane"]
[Black "Bacrot, Etienne"]
[Result "0-1"]
[WhiteElo "2260"]
[BlackElo "2470"]
[PlyCount "56"]
[EventDate "1996.??.??"]
[Source "ChessBase"]

1. d4 d5 2. c4 dxc4 3. Nf3 Nf6 4. e3 a6 5. Bxc4 e6 6. O-O c5 7. Qe2 b5 8. Bb3
Bb7 9. a4 Nbd7 10. Rd1 Qb6 11. axb5 axb5 12. Rxa8+ Bxa8 13. Nc3 Bc6 14. e4 c4
15. Bc2 Be7 16. d5 Bb7 17. dxe6 Qxe6 18. Nd4 Qe5 19. Ndxb5 O-O 20. Be3 Ba6 21.
Bd4 Qb8 22. Ba4 Ne5 23. h3 Nd3 24. e5 Nd7 25. e6 N7c5 26. Qg4 Nxe6 27. Ba7 Qb7
28. Bc2 Bxb5 0-1

[Event "FRA-chT"]
[Site "FRA"]
[Date "1996.??.??"]
[Round "?"]
[White "Salus, Stephane"]
[Black "Lefebvre, Herve"]
[Result "1-0"]
[WhiteElo "2260"]
[BlackElo "2105"]
[PlyCount "45"]
[EventDate "1996.??.??"]
[Source "ChessBase"]

1. d4 Nf6 2. c4 g6 3. Nc3 Bg7 4. e4 d6 5. Be2 O-O 6. h4 e5 7. d5 Na6 8. Bg5 h6
9. Be3 Nc5 10. Bf3 a5 11. Nge2 Bd7 12. h5 g5 13. Ng3 a4 14. Qc2 Ne8 15. Rc1 Qc8
16. Be2 Nf6 17. Bd2 c6 18. Nd1 cxd5 19. cxd5 Qe8 20. Ne3 Rc8 21. Qb1 Bb5 22.
Nc4 Qd8 23. Ba5 1-0

[Event "FRA-chT"]
[Site "FRA"]
[Date "1996.??.??"]
[Round "?"]
[White "San Marco, Bruno"]
[Black "Rocher, Oliver"]
[Result "0-1"]
[WhiteElo "2245"]
[BlackElo "2215"]
[PlyCount "78"]
[EventDate "1996.??.??"]
[Source "ChessBase"]

1. c4 e5 2. g3 Nf6 3. Bg2 c6 4. d4 Bb4+ 5. Bd2 Bxd2+ 6. Qxd2 e4 7. d5 cxd5 8.
cxd5 O-O 9. Nc3 Re8 10. Qd4 Qa5 11. Nh3 d6 12. Ng5 Bf5 13. O-O Na6 14. Ngxe4
Nxe4 15. Nxe4 Bxe4 16. Bxe4 Rac8 17. Rfc1 Rxc1+ 18. Rxc1 Qxa2 19. Bb1 Qb3 20.
Qe4 Kf8 21. Qxh7 Qxb2 22. Qh8+ Ke7 23. Qh4+ Kf8 24. Qh8+ Ke7 25. Qh4+ Kf8 26.
Qf4 Qe5 27. Qxe5 Rxe5 28. e4 Re8 29. f4 f6 30. e5 fxe5 31. Bg6 Rd8 32. fxe5
dxe5 33. Rf1+ Ke7 34. Rf7+ Kd6 35. Rxg7 Nc5 36. h4 Kxd5 37. h5 Ke6 38. Bf7+ Kf6
39. h6 Rh8 0-1

[Event "FRA-chT"]
[Site "FRA"]
[Date "1996.??.??"]
[Round "?"]
[White "Santo Roman, Marc"]
[Black "Bacrot, Etienne"]
[Result "0-1"]
[WhiteElo "2385"]
[BlackElo "2470"]
[PlyCount "49"]
[EventDate "1996.??.??"]
[Source "ChessBase"]

1. e4 c5 2. Nf3 Nc6 3. d4 cxd4 4. Nxd4 Nf6 5. Nc3 d6 6. Bg5 e6 7. Qd2 a6 8.
O-O-O h6 9. Be3 Qc7 10. f4 Be7 11. h3 b5 12. Bd3 Bb7 13. Rhe1 b4 14. Na4 Rb8
15. Nb3 O-O 16. Kb1 Nd7 17. Qf2 Bd8 18. e5 dxe5 19. f5 Ne7 20. fxe6 fxe6 21.
Qg3 Kh8 22. Nac5 Nxc5 23. Bxc5 Rf6 24. Rxe5 Bd5 25. Bd4 0-1

[Event "FRA-chT"]
[Site "FRA"]
[Date "1996.??.??"]
[Round "?"]
[White "Santo Roman, Marc"]
[Black "Leroy, Didier"]
[Result "1-0"]
[WhiteElo "2385"]
[BlackElo "2200"]
[PlyCount "89"]
[EventDate "1996.??.??"]
[Source "ChessBase"]

1. e4 c5 2. Nf3 Nc6 3. d4 cxd4 4. Nxd4 g6 5. c4 Nf6 6. Nc3 d6 7. Be2 Nxd4 8.
Qxd4 Bg7 9. Bg5 O-O 10. Qd2 Be6 11. Rc1 Qa5 12. O-O a6 13. b3 b5 14. Bf3 b4 15.
Ne2 Rab8 16. Rfe1 Qc7 17. Nf4 Qd7 18. h3 Rfe8 19. Nd3 a5 20. Red1 Qa7 21. Qe2
Nd7 22. Nf4 Nc5 23. Nd3 Bc8 24. Nxc5 dxc5 25. e5 Qc7 26. Bf4 Bb7 27. Bxb7 Rxb7
28. Qe4 e6 29. Rd6 Rbb8 30. Rcd1 Rbd8 31. Qd3 Rxd6 32. Qxd6 Qxd6 33. Rxd6 Ra8
34. Rc6 Bf8 35. Bg5 h6 36. Bf6 g5 37. g4 Kh7 38. Rc7 Kg6 39. Kg2 Ra6 40. f4
gxf4 41. Kf3 Ra8 42. Kxf4 h5 43. Rd7 a4 44. bxa4 Bh6+ 45. g5 1-0

[Event "FRA-chT"]
[Site "FRA"]
[Date "1996.??.??"]
[Round "?"]
[White "Sarthou, Gaetan"]
[Black "Bernard, Vincent"]
[Result "1-0"]
[WhiteElo "2270"]
[BlackElo "2125"]
[PlyCount "65"]
[EventDate "1996.??.??"]
[Source "ChessBase"]

1. d4 Nf6 2. c4 g6 3. Nc3 Bg7 4. e4 d6 5. Nf3 O-O 6. Be2 c6 7. O-O Na6 8. a3 e5
9. d5 Nc5 10. Nd2 a5 11. b3 h5 12. Rb1 cxd5 13. cxd5 Bd7 14. f3 Ne8 15. Kh1 Bh6
16. Nc4 Bxc1 17. Qxc1 Kh7 18. f4 b5 19. Nd2 b4 20. axb4 axb4 21. Nd1 Rc8 22.
Qb2 exf4 23. Rxf4 Qg5 24. Rf1 f5 25. Qd4 Qe7 26. Ne3 f4 27. Nec4 Nf6 28. e5
dxe5 29. Nxe5 Bf5 30. Rb2 Nfd7 31. Nef3 Qxe2 32. Re1 Ne6 33. dxe6 1-0

[Event "FRA-chT"]
[Site "FRA"]
[Date "1996.??.??"]
[Round "?"]
[White "Sarthou, Gaetan"]
[Black "Collas, Didier"]
[Result "1-0"]
[WhiteElo "2270"]
[BlackElo "2360"]
[PlyCount "137"]
[EventDate "1996.??.??"]
[Source "ChessBase"]

1. d4 Nf6 2. c4 c5 3. d5 b5 4. cxb5 a6 5. bxa6 g6 6. Nc3 Bxa6 7. g3 d6 8. Bg2
Bg7 9. Nh3 Nbd7 10. O-O O-O 11. Qc2 Ne8 12. Rb1 Nc7 13. Nf4 Nb5 14. Nxb5 Bxb5
15. b3 Qb6 16. a4 Ba6 17. Bb2 Ne5 18. Bc3 Rfc8 19. h4 Rab8 20. Qd2 Rb7 21. Be4
Rcb8 22. Kg2 Qd8 23. Bc2 h5 24. Nh3 Rb4 25. f4 Bh6 26. Ng5 Ng4 27. f5 f6 28.
fxg6 Rd4 29. Bxd4 cxd4 30. Qxd4 fxg5 31. Rf7 Bb7 32. Be4 Nf6 33. Rf1 Ba8 34.
Qe3 Qb6 35. Qxb6 Rxb6 36. Rxe7 Nxe4 37. Re8+ Kg7 38. Rxa8 Rxb3 39. Rf3 Rb2 40.
Re3 Nf6 41. Re6 gxh4 42. gxh4 Kxg6 43. a5 Bf4 44. a6 Be5 45. a7 Rxe2+ 46. Kf3
Ra2 47. Rg8+ Kf7 48. a8=Q Rxa8 49. Rxa8 Nxd5 50. Rxe5 dxe5 51. Ke4 Nf4 52. Kf5
Kg7 53. Kg5 Kf7 54. Ra6 Ke7 55. Kf5 Kf7 56. Ra7+ Kf8 57. Kxe5 Nd3+ 58. Kf6 Kg8
59. Kg6 Nf4+ 60. Kg5 Ne6+ 61. Kxh5 Nf8 62. Kg5 Nh7+ 63. Kf5 Nf8 64. h5 Nh7 65.
h6 Nf8 66. Rg7+ Kh8 67. Kf6 Nh7+ 68. Kf7 Nf8 69. Rg8+ 1-0

[Event "FRA-chT"]
[Site "FRA"]
[Date "1996.??.??"]
[Round "?"]
[White "Sarthou, Gaetan"]
[Black "Mensch, Etienne"]
[Result "0-1"]
[WhiteElo "2270"]
[BlackElo "2270"]
[PlyCount "62"]
[EventDate "1996.??.??"]
[Source "ChessBase"]

1. e4 c5 2. Nc3 e6 3. Nf3 d6 4. d4 cxd4 5. Nxd4 Nf6 6. Be3 a6 7. Qd2 Be7 8. f3
d5 9. e5 Nfd7 10. f4 b5 11. Bd3 Bc5 12. Nce2 Qe7 13. c3 f5 14. Bxf5 exf5 15.
Nxf5 Qf7 16. Bxc5 Qxf5 17. Qxd5 Nxc5 18. Qxc5 Be6 19. O-O Qf8 20. Qb6 Bc4 21.
Nd4 Qf7 22. Qc5 Nd7 23. Qc6 Qd5 24. Qxd5 Bxd5 25. Nf5 g6 26. Ne3 Nb6 27. Rfd1
O-O-O 28. a4 Bb3 29. Rxd8+ Rxd8 30. axb5 axb5 31. Ra5 Nc4 0-1

[Event "FRA-chT"]
[Site "FRA"]
[Date "1996.??.??"]
[Round "?"]
[White "Schabanel, Stephane"]
[Black "Gerard, Nicolas"]
[Result "0-1"]
[WhiteElo "2230"]
[BlackElo "2215"]
[PlyCount "74"]
[EventDate "1996.??.??"]
[Source "ChessBase"]

1. e4 c5 2. Nf3 d6 3. d4 cxd4 4. Nxd4 Nf6 5. Nc3 a6 6. Be3 e5 7. Nb3 Be7 8. f3
O-O 9. Qd2 Be6 10. g4 d5 11. Bc5 d4 12. Ne2 Nc6 13. Ng3 Rc8 14. Nf5 Bxf5 15.
gxf5 Nh5 16. f6 Nxf6 17. Rg1 Bxc5 18. Nxc5 Nh5 19. O-O-O Ne7 20. Nxb7 Qc7 21.
Na5 Nf4 22. Kb1 Rfd8 23. Bd3 Rd6 24. Nc4 Rc6 25. b3 Rh6 26. Rg4 Neg6 27. Qf2 a5
28. a3 Rb8 29. Ka2 Nxd3 30. cxd3 Nf4 31. Qd2 a4 32. b4 Rc8 33. Rc1 Rc6 34. b5
Nxd3 35. bxc6 Nxc1+ 36. Qxc1 Qxc6 37. Rg5 f6 0-1

[Event "FRA-chT"]
[Site "FRA"]
[Date "1996.??.??"]
[Round "?"]
[White "Schabanel, Stephane"]
[Black "Savoya, Alexandre"]
[Result "1-0"]
[WhiteElo "2230"]
[BlackElo "2105"]
[PlyCount "85"]
[EventDate "1996.??.??"]
[Source "ChessBase"]

1. e4 Nf6 2. e5 Nd5 3. d4 d6 4. Nf3 Bg4 5. Be2 c6 6. Ng5 Bf5 7. e6 Bxe6 8. Nxe6
fxe6 9. Bg4 Nc7 10. O-O Nd7 11. Qd3 Nf6 12. Bh3 g6 13. Nd2 Bh6 14. Nf3 Bxc1 15.
Raxc1 Nh5 16. g3 O-O 17. Kg2 Rf6 18. Ng5 Qf8 19. Rce1 Ng7 20. Re2 h6 21. Ne4
Rf7 22. c4 Nf5 23. Rd1 Qg7 24. Red2 e5 25. dxe5 Qxe5 26. Re2 Qg7 27. Qb3 Rb8
28. Qa4 a6 29. Qa3 Kh7 30. b4 Rbf8 31. Qa5 Na8 32. Red2 g5 33. Bg4 Kg6 34. Qa4
Kh7 35. Bh5 Rf6 36. Nxf6+ Rxf6 37. Bg4 Qf7 38. Qc2 Kg7 39. Re1 Nb6 40. Rde2 Nc8
41. Qc3 Kg8 42. c5 dxc5 43. bxc5 1-0

[Event "FRA-chT"]
[Site "FRA"]
[Date "1996.??.??"]
[Round "?"]
[White "Sellos, Didier"]
[Black "Beikert, Guenther"]
[Result "1/2-1/2"]
[WhiteElo "2445"]
[BlackElo "2435"]
[PlyCount "80"]
[EventDate "1996.??.??"]
[Source "ChessBase"]

1. d4 d5 2. Nf3 c6 3. c4 Nf6 4. Nbd2 Bf5 5. g3 e6 6. Bg2 Nbd7 7. O-O Be7 8. b3
Ne4 9. Bb2 h5 10. Nxe4 Bxe4 11. Nd2 Bxg2 12. Kxg2 h4 13. e4 dxe4 14. Nxe4 Nf6
15. Re1 hxg3 16. hxg3 Qd7 17. Ng5 Bb4 18. Rh1 O-O-O 19. Qe2 Ba5 20. Rad1 Bb6
21. Nf3 Ng4 22. Ne5 Nxe5 23. dxe5 Qe7 24. Rxd8+ Qxd8 25. Rxh8 Qxh8 26. Qf3 Qf8
27. Bc3 Bc5 28. a4 a6 29. Qd3 g6 30. f4 Qd8 31. Qxd8+ Kxd8 32. Kf3 b5 33. Ke4
bxa4 34. bxa4 Kd7 35. g4 Kc8 36. Bd4 Bb4 37. Be3 Kd7 38. f5 gxf5+ 39. gxf5 Bc3
40. Bc5 f6 1/2-1/2

[Event "FRA-chT"]
[Site "FRA"]
[Date "1996.??.??"]
[Round "?"]
[White "Sellos, Didier"]
[Black "Conquest, Stuart"]
[Result "1/2-1/2"]
[WhiteElo "2445"]
[BlackElo "2585"]
[PlyCount "84"]
[EventDate "1996.??.??"]
[Source "ChessBase"]

1. d4 d6 2. Nf3 g6 3. c4 Bg7 4. Nc3 Bg4 5. e3 Nc6 6. Be2 Nf6 7. h3 Bd7 8. e4
O-O 9. d5 Nb4 10. O-O c6 11. Be3 a5 12. Re1 a4 13. a3 Na6 14. Nd2 cxd5 15. cxd5
Nc5 16. e5 Ne8 17. f4 Nc7 18. Bxc5 dxc5 19. Nde4 b6 20. Qd2 Qb8 21. Bf3 Ra7 22.
Rad1 Nb5 23. Nxb5 Bxb5 24. d6 exd6 25. Qxd6 h6 26. h4 Qxd6 27. Rxd6 Rb8 28.
Red1 Bf8 29. Rd8 Rxd8 30. Rxd8 Kg7 31. Rb8 Bd3 32. Rxb6 Bxe4 33. Bxe4 Rd7 34.
Bc6 Rd4 35. g3 c4 36. Rb7 Bc5 37. Kf1 Kf8 38. Rd7 Rxd7 39. Bxd7 Bd4 40. Bb5
Bxb2 41. Bxc4 Bxa3 42. Bb5 g5 1/2-1/2

[Event "FRA-chT"]
[Site "FRA"]
[Date "1996.??.??"]
[Round "?"]
[White "Shirazi, Kamran"]
[Black "Szabolcsi, Janos"]
[Result "0-1"]
[WhiteElo "2430"]
[BlackElo "2425"]
[PlyCount "158"]
[EventDate "1996.??.??"]
[Source "ChessBase"]

1. e4 c6 2. d4 d5 3. Nc3 dxe4 4. Nxe4 Nd7 5. Bc4 Ngf6 6. Nxf6+ Nxf6 7. Qd3 g6
8. Nf3 Bg7 9. O-O O-O 10. Re1 Bf5 11. Qe2 Nd5 12. c3 Bg4 13. Bg5 Re8 14. h3
Bxf3 15. Qxf3 Qd7 16. Re2 e6 17. Rae1 b5 18. Bb3 a5 19. a4 Nb6 20. axb5 cxb5
21. h4 b4 22. h5 a4 23. Bc2 a3 24. cxb4 axb2 25. Bb1 Qxd4 26. h6 Bh8 27. Re4
Qd5 28. Bf6 Qf5 29. Qxf5 gxf5 30. Bxh8 fxe4 31. Bxb2 f5 32. f3 exf3 33. gxf3
Kf7 34. Kf2 Ra4 35. Rg1 Rg8 36. Rc1 Rxb4 37. Be5 Rc4 38. Rd1 Rc6 39. Rd4 Nd5
40. Bxf5 exf5 41. Rxd5 Rxh6 42. Rd7+ Kg6 43. Kg3 Rh5 44. Ra7 Re8 45. Bc3 Rc8
46. Bd4 Rc4 47. Rg7+ Kh6 48. Rd7 Rh1 49. Rd6+ Kg5 50. Bf6+ Kh5 51. Be5 Rg1+ 52.
Kf2 Rg6 53. Rd7 h6 54. Rd5 Rgc6 55. Bd4 Kg6 56. Kg3 Ra4 57. Rd7 Kg5 58. Rd5 Ra3
59. Bc5 Rb3 60. Bd4 h5 61. Bc5 Re6 62. Rd2 f4+ 63. Kg2 Kf5 64. Bd6 Rg6+ 65. Kh2
Rxf3 66. Rd5+ Ke4 67. Re5+ Kd4 68. Bb8 Rf2+ 69. Kh1 Ra6 70. Re1 f3 71. Rb1 Raa2
72. Rb4+ Kc5 73. Rf4 Rfb2 74. Rf5+ Kc4 75. Bh2 Ra1+ 76. Bg1 Rbb1 77. Kh2 Rxg1
78. Rf4+ Kd5 79. Rg4 Rxg4 0-1

[Event "FRA-chT"]
[Site "FRA"]
[Date "1996.??.??"]
[Round "?"]
[White "Solozhenkin, Evgeniy"]
[Black "Kallai, Gabor"]
[Result "1-0"]
[WhiteElo "2565"]
[BlackElo "2500"]
[PlyCount "95"]
[EventDate "1996.??.??"]
[Source "ChessBase"]

1. d4 d5 2. c4 dxc4 3. e4 c5 4. d5 e6 5. Nc3 exd5 6. Nxd5 Ne7 7. Bxc4 Nxd5 8.
Bxd5 Be7 9. Ne2 O-O 10. O-O Qb6 11. Be3 Bg4 12. Qd2 Nc6 13. f3 Be6 14. Nf4 Nb4
15. Bxe6 fxe6 16. a3 Na6 17. Rad1 Bf6 18. b4 Bd4 19. Bxd4 cxd4 20. Rc1 Rac8 21.
Rxc8 Rxc8 22. Rd1 Qd6 23. e5 Qxe5 24. Re1 Qc7 25. Qxd4 Qc3 26. Qe4 Re8 27. Re3
Qc1+ 28. Kf2 Qd2+ 29. Re2 Qd7 30. Nxe6 Nc7 31. Qd4 Qxd4+ 32. Nxd4 Rd8 33. Re4
Nd5 34. Ne6 Rc8 35. Re5 Rc2+ 36. Kg3 Nf6 37. Rc5 Re2 38. Nf4 Re7 39. h4 Kf7 40.
Kf2 Ke8 41. g4 Kd7 42. g5 Ne8 43. Rf5 Nd6 44. Rf8 b5 45. Nd5 Re5 46. Ne3 Nc4
47. Nxc4 bxc4 48. Rf4 1-0

[Event "FRA-chT"]
[Site "FRA"]
[Date "1996.??.??"]
[Round "?"]
[White "Solozhenkin, Evgeniy"]
[Black "Nataf, Igor Alexandre"]
[Result "1-0"]
[WhiteElo "2565"]
[BlackElo "2305"]
[PlyCount "77"]
[EventDate "1996.??.??"]
[Source "ChessBase"]

1. d4 Nf6 2. c4 g6 3. g3 Bg7 4. Bg2 O-O 5. Nc3 d6 6. Nf3 Nbd7 7. O-O e5 8. e4
exd4 9. Nxd4 Re8 10. h3 a6 11. Rb1 Rb8 12. Re1 Ne5 13. b3 c5 14. Nc2 Nc6 15. a4
Na7 16. Bf4 Re6 17. Qd3 b5 18. axb5 axb5 19. cxb5 Bd7 20. Na3 Ne8 21. b4 cxb4
22. Rxb4 Qa5 23. Nd5 Nc7 24. Nc4 Nxd5 25. Nxa5 Nxb4 26. Qc4 Nxb5 27. Rb1 Na6
28. Nc6 Rb6 29. Rxb5 Rxc6 30. Qe2 Re8 31. Rd5 Bf8 32. Qd2 Be6 33. Rxd6 Rxd6 34.
Bxd6 Rd8 35. e5 f6 36. Qa5 Rxd6 37. exd6 Nb8 38. Bd5 Kf7 39. Qc7+ 1-0

[Event "FRA-chT"]
[Site "FRA"]
[Date "1996.??.??"]
[Round "?"]
[White "Solozhenkin, Evgeniy"]
[Black "Prie, Eric"]
[Result "1-0"]
[WhiteElo "2565"]
[BlackElo "2480"]
[PlyCount "55"]
[EventDate "1996.??.??"]
[Source "ChessBase"]

1. e4 e6 2. d4 d5 3. Nc3 Be7 4. Be3 b6 5. Bd3 Nf6 6. e5 Nfd7 7. f4 g6 8. Nf3 h5
9. O-O Ba6 10. Qe2 Qc8 11. Nb5 c6 12. Nd6+ Bxd6 13. exd6 Bxd3 14. cxd3 Nf8 15.
Bd2 Qd8 16. Bb4 a5 17. Ba3 f6 18. Nh4 Kd7 19. Rf3 Na6 20. Rg3 Rh6 21. Re1 Kc8
22. f5 gxf5 23. Rg8 Nb4 24. Qd2 Rh7 25. Ng6 Rf7 26. Bxb4 axb4 27. Qxb4 Kd7 28.
Nxf8+ 1-0